00812nam a2200217 a 450000100100000000500170001000800410002704000250006808200200009310000470011324500550016026000390021530000200025450000630027459000260033765000280036365000310039191000370042295201180045999900170057700001412520240412074240.0091204s1984 dr 001 p spa d aDO-SdBNPbspacBNPHU aRD861.44bV297u1 aVargas Genao, Caracciolo,d1927-20159150414aUna cita con las musas /cCaracciolo Vargas Genao. a[Santo Domingo] :b[s. n.],c1984. a111 : ;c19 cm. aIncluye datos biográficos del autor en la contracubierta aInventariado, 2019/LP 0aPoesía dominicana966 0aLiteratura dominicana.967 aValidado. Control de calidad MFF 0010718PDaPDbPDcHDd2009-12-04iLF1l0oRD861.44 V297up14125-10r2020-06-25w2020-06-25yLFPDZNo se presta c13727d13727